000 01318aas a2200241 4500
999 _c53815
_d53815
001 768714001
003 CO-MdFUSB
005 20171120152609.0
008 170808s1997 xxu||||| |||| 00| 0 eng d
022 _a0098-9444
040 _aCO-MdFUSB
_bspa
_cCO-MdFUSB
_dCO-MdFUSB
041 _aeng
100 1 _aNur, Amos
_eautor
242 _a¡Terremoto! :
_binspiración para Armagedón
245 1 0 _aEarthquake! :
_binspitation for Armageddon
_c/ Amos Nur y Hagai Ron
300 _aVolumen 23. Número 4 (1997), páginas 48-55
_c: 28 cm.
520 1 _aEl libro de apocalipsis predice que en el fin de los tiempos de violencia sin precedentes golpeara a Armageddon, o el Monte Megiddo.No es accidental que este escenario apocalíptico se establezca donde está: la profecía refleja la composición geológica del sitio, a horcajadas sobre una gran falla en el norte de Israel. Dos geofísicos revisan la poderosa evidencia, incluidos los esqueletos aplastados y las paredes derrumbadas, que dejaron atrás los repetidos terremotos que devastaron Meguido en la antigüedad.
546 _aTexto en inglés
650 7 _9403
_aExcavaciones arqueológicas
700 1 _aRon, Hagai
_eautor
773 0 _tBiblical Archaeology Review
_049395
_959489
_gVolumen 23. Número 4 (1997), páginas 48-55
_qPágina 48
942 _cANA